| 000 | 00831nam a2200229 i 4500 | ||
|---|---|---|---|
| 001 | 182192 | ||
| 003 | ES-MaACL | ||
| 005 | 20251015063153.0 | ||
| 008 | 130625s2012 sp |||| | spa d | ||
| 020 | _a978-84-615-1110-5 | ||
| 080 | _a929 Martínez Godínez, Enrique | ||
| 100 | 1 |
_aMartínez, Pepa, _d1952- _9152998 |
|
| 245 | 1 | 3 |
_aEl hijo del herrero : _bprimer episodio de la serie : el último bastión / _cPepa Martínez. |
| 250 | _a1ª ed. | ||
| 260 |
_aMurcia : _bAsociación Memoria Histórica de Cartagena, _c2012. |
||
| 300 |
_a335 p. : _bil. ; _c21 cm. |
||
| 600 | 1 | 4 |
_aMartínez Godínez, Enrique. _9152999 |
| 650 | 4 |
_aRepresión política- _zEspaña- _y1936-1939. _9146637 |
|
| 852 | 4 |
_aES-MaACL _jA-12762 _9189103 _bR.148998 _cDEPO1 _dOlim: N-5762 |
|
| 942 |
_2udc _cMONOGRAFIA |
||
| 999 |
_c182192 _d182192 |
||